Geography Quiz

Random Geography or World Quiz

100,000,000 Countries Quiz Stats

 Plays Quiz not verified by Sporcle

Challenge
Share
Tweet
Embed
Score 0/11 Timer 01:00
0 Plays Today
Rank Country % Correct
1China
99.7%
3United States
99.1%
2India
98.1%
9Russia
91.7%
5Brazil
91.1%
10Japan
83.3%
4Indonesia
83%
11Mexico
82.7%
6Pakistan
71.8%
7Bangladesh
63.8%
8Nigeria
62.1%

You're not logged in!

Compare scores with friends on all Sporcle quizzes.
Join for Free
OR
Log In

You Might Also Like...

Show Comments

Extras

Top Quizzes Today


Score Distribution

Your Account Isn't Verified!

In order to create a playlist on Sporcle, you need to verify the email address you used during registration. Go to your Sporcle Settings to finish the process.

Report this User

Report this user for behavior that violates our Community Guidelines.

Details: